Statistics for Official languages of Oceania

Click here to take the quiz!

General Stats

  • This quiz has been taken 686 times
  • The average score is 9 of 17

Answer Stats

Amount of countriesLanguages% Correct
13English
99%
1Samoan
80%
1Fijian
78%
1French
74%
1Tongan
74%
1Māori
73%
1Tuvaluan
67%
1Nauruan
65%
1Palauan
65%
1Marshallese
55%
1Gilbertese
43%
1Fiji Hindi
34%
1Tok Pisin
34%
1Bislama
25%
1NZ Sign
25%
1Hiri Motu
22%
1PNG Sign Language
9%

Score Distribution

Percentile by Number Answered

Percent of People with Each Score

Your Score History

You have not taken this quiz